| 000 | 00473nam a22001817a 4500 | ||
|---|---|---|---|
| 003 | CEME | ||
| 005 | 20210628205929.0 | ||
| 008 | 210209b xxu||||| |||| 00| 0 eng d | ||
| 020 | _a0-7680-0132-3 | ||
| 040 | _c. | ||
| 082 | _a629.2-SAE SAE | ||
| 100 |
_aSae _99453 |
||
| 245 | _aSensors and actuators 1998 sp-1312 | ||
| 260 |
_aUSA _bSAE INTERNATIONAL _c1998 |
||
| 300 | _a68P | ||
| 650 |
_aAUTOMOTIVE VEHICLES-SENSORS AND ACTUATORS.SP-1312 _977521 |
||
| 942 |
_cBK _2ddc |
||
| 999 |
_c582785 _d582785 |
||